| 000 | 00428nam a2200157Ia 4500 | ||
|---|---|---|---|
| 999 |
_c522876 _d522876 |
||
| 005 | 20190131103149.0 | ||
| 008 | 190125s9999 xx 000 0 und d | ||
| 020 | _a9780387758565 | ||
| 040 | _cDLC | ||
| 082 |
_a629.04 _bCAS |
||
| 100 |
_aEnnio Cascetta _913183 |
||
| 245 |
_aTransportation Systems Analysis : _bModels and Applications / |
||
| 260 |
_bSpringer _aNew York _c2009 |
||
| 300 | _axvii, 742 p. : | ||
| 942 |
_2ddc _cBK |
||